| 000 | 00366nam a2200157Ia 4500 | ||
|---|---|---|---|
| 003 | GCL | ||
| 008 | 140319s9999 xx 000 0 eng d | ||
| 040 |
_aGCL / _cGCL |
||
| 082 | 0 | 4 |
_a448 _bC F |
| 100 | 1 | _aCARTER JOHN | |
| 245 | 1 | 0 |
_aFRENCH / _cCARTER JOHN |
| 260 |
_a[S.N] : _bLONGMAN ، _c1992 |
||
| 300 | _a185 p | ||
| 650 | 0 | 4 | _aFRENCH LANGUAGE |
| 942 |
_2ddc _cBK |
||
| 999 |
_c17676 _d17676 |
||